| 000 | 00987nam a2200289Ia 4500 | ||
|---|---|---|---|
| 003 | OSt | ||
| 005 | 20220930080145.0 | ||
| 006 | a|||||r|||| 00| 0 | ||
| 007 | ta | ||
| 008 | 220926b |||||||| |||| 00| 0 eng d | ||
| 024 | _a85893 | ||
| 037 | _cTheses | ||
| 040 |
_aCRL _cCRL _beng |
||
| 041 |
_2eng _aeng |
||
| 100 |
_aSreelekha Prakash _9538200 |
||
| 110 | _aUniversity of Delhi. Faculty of Medical Sciences. Department of Anatomy | ||
| 245 | 0 | _aAnatomical assessment of airway passage for blind nasal intubation | |
| 260 | _c2006 | ||
| 650 | _aANATOMY | ||
| 700 |
_a Dr. J. M. Kaul Gu. _9532636 |
||
| 700 |
_a Dr. Rakesh Kumar Gu. _9532743 |
||
| 700 |
_a Dr. Shipra Paul Gu. _9532638 |
||
| 700 | _a Dr. Veena Chowdhury Gu. | ||
| 700 | _aUniversity of Delhi. Faculty of Medical Sciences. Department of Anatomy | ||
| 942 |
_cDIS _2CC |
||
| 999 |
_c869389 _d869389 |
||